000 00532cam a2200205 a 4500
001 sa 66002881
003 DLC
005 20260227112232.0
008 860227s1959 ii 000 f hino
010 _asa 66002881
040 _aDLC
_cDLC
050 0 0 _aPK2098.A67
_bP38 1959
100 0 _aĀrigapūḍi,
_d1932-
245 1 0 _aPatita-pāvanī /
_cĀrigapūḍi.
250 _a1. saṃskaraṇa.
260 _aDillī :
_bRājapāla eṇḍa Sanza,
_c1959.
300 _a216 p.
_c19 cm.
500 _aNovel.
546 _aIn Hindi.
999 _c68598
_d68598